00635cam a2200229 a 450000500170000000800410001701000150005802000250007303500130009803700130011104000130012408200080013710000230014524500600016826000410022827000810026930000270035050000190037765000030039665100030039970000030040220031230185550.0940308s1993 enkab b 001 0 eng  aENG-101723 c90.00a9788123758817 aEN-85256 bDBAD/PUB adplbEng a9801 aBawa, Vasant Kumar10aLatin America :cby Vasant Kumar Bawaban introduction/ aNew DelhibNational Book Trustc2010 aNahru Bhawan, 5 Institutional Area, Phase-ii Vasant Kunj,bNew Delhie110070 axxvi,321p.c22cm (pbk) aIncludes index 0